<?xml version="1.0" encoding="UTF-8"?>
<record
    xmlns:xsi="http://www.w3.org/2001/XMLSchema-instance"
    xsi:schemaLocation="http://www.loc.gov/MARC21/slim http://www.loc.gov/standards/marcxml/schema/MARC21slim.xsd"
    xmlns="http://www.loc.gov/MARC21/slim">

  <leader>02228cam a22002414a 4500</leader>
  <datafield tag="999" ind1=" " ind2=" ">
    <subfield code="c">26517</subfield>
    <subfield code="d">26517</subfield>
  </datafield>
  <controlfield tag="008">090203s2008    ii            000 0 eng d</controlfield>
  <datafield tag="020" ind1=" " ind2=" ">
    <subfield code="a">9789280114980</subfield>
  </datafield>
  <datafield tag="041" ind1="0" ind2=" ">
    <subfield code="a">eng</subfield>
  </datafield>
  <datafield tag="082" ind1="0" ind2="0">
    <subfield code="a">341.4756</subfield>
    <subfield code="b">I339</subfield>
  </datafield>
  <datafield tag="245" ind1="0" ind2="0">
    <subfield code="a">Casualty investigation code :</subfield>
    <subfield code="b">code of the international standards and recommended practices for a safety investigation into a marine casualty or marine incident.</subfield>
  </datafield>
  <datafield tag="250" ind1=" " ind2=" ">
    <subfield code="a">2008 ed.</subfield>
  </datafield>
  <datafield tag="260" ind1=" " ind2=" ">
    <subfield code="a">London :</subfield>
    <subfield code="b">International Maritime Organization,</subfield>
    <subfield code="c">2008.</subfield>
  </datafield>
  <datafield tag="300" ind1=" " ind2=" ">
    <subfield code="a">vi, 24 p. ;</subfield>
    <subfield code="c">21 cm.</subfield>
  </datafield>
  <datafield tag="500" ind1=" " ind2=" ">
    <subfield code="a">IMO sales number: I128E</subfield>
  </datafield>
  <datafield tag="500" ind1=" " ind2=" ">
    <subfield code="a">"This Code incorporates and builds on the best practices in marine casualty and marine incident investigation that were established by the Code for the Investigation of Marine Casualties and Incidents adopted by the International Maritime Organization by resolution A.849(20)"--Back cover.</subfield>
  </datafield>
  <datafield tag="505" ind1="2" ind2=" ">
    <subfield code="a">General provisions -- Mandatory standards -- Recommended practices.</subfield>
  </datafield>
  <datafield tag="520" ind1=" " ind2=" ">
    <subfield code="a">The MSC adopted a new Code of International Standards and Recommended Practices for a Safety Investigation into a Marine Casualty or Marine Incident (Casualty Investigation Code). Relevant amendments to SOLAS Chapter XI 1 were also adopted, to make parts I and II of the Code mandatory. Part III of the Code contains related guidance and explanatory material. The Code will require a marine safety investigation to be conducted into every marine casualty involving the total loss of the ship or a death or severe damage to the environment. The Code will also recommend an investigation into other marine casualties and incidents, by the flag state of a ship involved, if it is considered likely that it would provide information that could be used to prevent future accidents. The new regulations expand on SOLAS Regulation I/21, which requires administrations to conduct an investigation of any casualty occurring to any of its ships when it judges that such an investigation may assist in determining what changes in the present regulations might be desirable.--Publisher's description.</subfield>
  </datafield>
  <datafield tag="650" ind1=" " ind2="0">
    <subfield code="a">Marine accidents</subfield>
    <subfield code="x">Investigation.</subfield>
  </datafield>
  <datafield tag="650" ind1=" " ind2="0">
    <subfield code="a">Maritime law.</subfield>
  </datafield>
  <datafield tag="650" ind1=" " ind2="0">
    <subfield code="a">Ships</subfield>
    <subfield code="x">Safety regulations.</subfield>
  </datafield>
  <datafield tag="710" ind1="2" ind2=" ">
    <subfield code="a">International Maritime Organization.</subfield>
  </datafield>
  <datafield tag="942" ind1=" " ind2=" ">
    <subfield code="c">BK</subfield>
  </datafield>
  <datafield tag="952" ind1=" " ind2=" ">
    <subfield code="0">0</subfield>
    <subfield code="1">0</subfield>
    <subfield code="2">ddc</subfield>
    <subfield code="4">0</subfield>
    <subfield code="6">341_475600000000000_I339</subfield>
    <subfield code="7">0</subfield>
    <subfield code="9">50978</subfield>
    <subfield code="a">CL</subfield>
    <subfield code="b">CL</subfield>
    <subfield code="c">REF</subfield>
    <subfield code="d">2023-06-28</subfield>
    <subfield code="e">5</subfield>
    <subfield code="g">1364.78</subfield>
    <subfield code="o">341.4756 I339</subfield>
    <subfield code="p">14165</subfield>
    <subfield code="r">2023-06-28</subfield>
    <subfield code="v">1516.43</subfield>
    <subfield code="y">BK</subfield>
  </datafield>
  <datafield tag="952" ind1=" " ind2=" ">
    <subfield code="0">0</subfield>
    <subfield code="1">0</subfield>
    <subfield code="2">ddc</subfield>
    <subfield code="4">0</subfield>
    <subfield code="6">341_475600000000000_I339</subfield>
    <subfield code="7">0</subfield>
    <subfield code="9">50979</subfield>
    <subfield code="a">CL</subfield>
    <subfield code="b">CL</subfield>
    <subfield code="d">2023-06-28</subfield>
    <subfield code="e">5</subfield>
    <subfield code="g">1364.78</subfield>
    <subfield code="o">341.4756 I339</subfield>
    <subfield code="p">14166</subfield>
    <subfield code="r">2023-06-28</subfield>
    <subfield code="v">1516.43</subfield>
    <subfield code="y">BK</subfield>
  </datafield>
</record>
